PSG : 11 du XXème siècle - Statistiques

Statistiques générales
  • Ce quiz a été pris 232 fois
  • Le résultat moyen est 5 sur 12
Statistiques - réponses
Postes Pays Années de passage Joueurs % Correct
Gardien France 1992-1997/1998-2000 Bernard Lama
90%
Buteur Libéria 1992-1995 George Weah
88%
Milieu Offensif Brésil 1993-1998 Rai
78%
Milieu Offensif Nigéria 1998-2002 Jay Jay Okocha
77%
Ailier Droit Yougoslavie 1982-1991 Safet Susic
49%
Ailier Gauche Algérie 1974-1984 Mustapha Dahleb
41%
Milieu de terrain France 1992-1998 Vincent Guérin
25%
Défenseur Droit France 1970-1972 Jean Djorkaeff
23%
Défenseur Gauche France 1991-1998 Paul Le Guen
22%
Entraîneur Portugal 1991-1994 Arthur Jorge
21%
Défenseur Central France 1990-1995 Antoine Kombouaré
17%
Défenseur Central France 1975-1989 Jean-Marc Pilorget
15%
Aucun quiz correspondant
Distribution des résultats
% des personnes avec chaque résultat
Percentile par nombre de réponses
Votre historique - résultats
Vous n’avez pas pris ce quiz